Chrusjtjov & Indonesia, (Record no. 62087)

MARC details
000 -LEADER
fixed length control field 00685cam a22002411 4500
001 - CONTROL NUMBER
control field sa 65001531
003 - CONTROL NUMBER IDENTIFIER
control field DLC
005 - DATE AND TIME OF LATEST TRANSACTION
control field 20260227112109.0
008 - FIXED-LENGTH DATA ELEMENTS--GENERAL INFORMATION
fixed length control field 890331s1960 io 000 0 ind
010 ## - LIBRARY OF CONGRESS CONTROL NUMBER
LC control number sa 65001531
035 ## - SYSTEM CONTROL NUMBER
System control number (OCoLC)23544105
040 ## - CATALOGING SOURCE
Original cataloging agency DLC
Transcribing agency MiU
Modifying agency DLC
042 ## - AUTHENTICATION CODE
Authentication code premarc
043 ## - GEOGRAPHIC AREA CODE
Geographic area code a-io---
-- e-ur---
050 00 - LIBRARY OF CONGRESS CALL NUMBER
Classification number DK68.7.I6
Item number D3
100 1# - MAIN ENTRY--PERSONAL NAME
Personal name Dajawan, I.
245 10 - TITLE STATEMENT
Title Chrusjtjov & Indonesia,
260 ## - PUBLICATION, DISTRIBUTION, ETC.
Place of publication, distribution, etc. Djakarta,
Name of publisher, distributor, etc. Jajasan Pembaruan,
Date of publication, distribution, etc. 1960.
300 ## - PHYSICAL DESCRIPTION
Extent 32 p.
Dimensions 18 cm.
600 10 - SUBJECT ADDED ENTRY--PERSONAL NAME
Personal name Khrushchev, Nikita Sergeevich,
Dates associated with a name 1894-1971.
651 #0 - SUBJECT ADDED ENTRY--GEOGRAPHIC NAME
Geographic name Soviet Union
General subdivision Foreign relations
Geographic subdivision Indonesia.
651 #0 - SUBJECT ADDED ENTRY--GEOGRAPHIC NAME
Geographic name Indonesia
General subdivision Foreign relations
Geographic subdivision Soviet Union

No items available.

Powered by Koha